000 005350000a22001690004500
003 MACL
005 20160420155904.0
008 160420b xxu||||| |||| 00| 0 eng d
040 _aMACL
_cMACL
082 _a403
100 _a वर्मा श्‍यामबहादुर
_952994
245 _aबृहत विश्‍व सूक्ति कोश
260 _bप्रभात प्रकाशन
_c1985
_aनई दिल्‍ली
350 _a195
650 _aDictionary
_953004
942 _cHIN
_k403
_2ddc
999 _c22121
_d22121